Processing of NR and some developments in rubber chemistry and technology in Sri Lanka (Record no. 65787)

MARC details
000 -LEADER
fixed length control field 00489nam a2200157Ia 4500
100 ## - MAIN ENTRY--AUTHOR NAME
Personal name Yogaratnam N
245 #0 - TITLE STATEMENT
Title Processing of NR and some developments in rubber chemistry and technology in Sri Lanka
260 ## - PUBLICATION, DISTRIBUTION, ETC. (IMPRINT)
Name of publisher Bulletin of the Rubber Research Institute of Sri Lanka
Year of publication 1998
300 ## - PHYSICAL DESCRIPTION
Number of Pages 52-61
700 ## - ADDED ENTRY--PERSONAL NAME
Personal name Samarappuli I N
700 ## - ADDED ENTRY--PERSONAL NAME
Personal name Silva K G Karnika
700 ## - ADDED ENTRY--PERSONAL NAME
Personal name Siriwardena S
700 ## - ADDED ENTRY--PERSONAL NAME
Personal name Tillekeratne L M K
942 ## - ADDED ENTRY ELEMENTS (KOHA)
Koha item type Journals
Holdings
Withdrawn status Lost status Damaged status Not for loan Home library Current library Shelving location Date acquired Serial Enumeration / chronology Koha item type
      Journals RRII Library RRII Library Rubber chemistry 17/12/2021 Volume 37, Issue Journals